Increased nitrogen manuring for avoiding oidium SLF (Record no. 61010)

MARC details
000 -LEADER
fixed length control field 00376nam a2200145Ia 4500
245 #0 - TITLE STATEMENT
Title Increased nitrogen manuring for avoiding oidium SLF
260 ## - PUBLICATION, DISTRIBUTION, ETC. (IMPRINT)
Name of publisher Planters Bulletin
Year of publication 1976
300 ## - PHYSICAL DESCRIPTION
Number of Pages 120-124
650 ## - SUBJECT ADDED ENTRY--TOPICAL TERM
Topical Term Hevea
650 ## - SUBJECT ADDED ENTRY--TOPICAL TERM
Topical Term Manuring
650 ## - SUBJECT ADDED ENTRY--TOPICAL TERM
Topical Term Nitrogen manuring
650 ## - SUBJECT ADDED ENTRY--TOPICAL TERM
Topical Term Oidium leaf disease
942 ## - ADDED ENTRY ELEMENTS (KOHA)
Koha item type Journals
Holdings
Withdrawn status Lost status Damaged status Not for loan Home library Current library Shelving location Date acquired Serial Enumeration / chronology Koha item type
      Journals RRII Library RRII Library Soils and agonomy 17/12/2021 Volume 146, Issue Journals